Statistics for Classic Rock Bands by Clue 3

Click here to take the quiz!

General Stats

  • This quiz has been taken 82 times
  • The average score is 9 of 20

Answer Stats

HintAnswer% Correct
Appreciative corpsesGrateful Dead
82%
Skinny ElizabethThin Lizzie
81%
Chatting craniaTalking Heads
76%
Ebony SundayBlack Sabbath
72%
Inexpensive illusionCheap Trick
72%
No chargeFree
72%
Engine skullMotorhead
64%
Sightless beliefBlind Faith
54%
The beginningGenesis
53%
Not Bethlehem or JerusalemNazareth
50%
FaunaAnimals
47%
Grumpy azuresMoody Blues
38%
To sit on ones knees, youthfulNeil Young
38%
Wonderland character and a barrelmakerAlice Cooper
33%
Preserved warmthCanned Heat
31%
Strand ladsBeach Boys
26%
Raptor breezeHawkwind
21%
DeceiversPretenders
8%
Crimps or frizzesKinks
1%
To have been killedSlade
0%

Score Distribution

Percentile by Number Answered

Percent of People with Each Score

Your Score History

You have not taken this quiz